000 00321nam a2200097Ia 4500
082 _a745.50968 SELL
245 0 _aCraft South Africa : traditional, transitional, contemporary
100 _a SELLSCHOP, Susan Hyde Park, South Africa, 2003 2nd ed
_993463
942 _cBK
008 210817s9999 xx 000 0 und d
999 _c381876
_d381875